| 000 | 00000nam##2200000za#4500 |
| 001 | 9.574128 |
| 003 | CaOODSP |
| 005 | 20210624184031 |
| 007 | cr ||||||||||| |
| 008 | 150406|1997||||xxc|||||o f|0| 0 eng|d |
| 022 | |a1488-5379 |
| 040 | |aCaOODSP|beng |
| 043 | |an-cn--- |
| 086 | 1 |aFs97-6/2154E-PDF |
| 110 | 1 |aCanada. |bDepartment of Fisheries and Oceans. |
| 245 | 10|aTrap design for a directed rock crab fishery / |h[electronic resource]|cby R. J. Miller and R. E. Duggan. |
| 260 | |aHalifax - Nova Scotia : |bFisheries and Oceans Canada |c1997. |
| 300 | |a18p.|bgraphs, references, tables, photographs |
| 490 | 1 |aCanadian technical report of fisheries and aquatic sciences|x1488-5379|v2154 |
| 500 | |aThe catalogue number (Fs97-6/2154E) and ISSN (0706-6457) for the print edition have been incorrectly copied in this electronic publication. |
| 546 | |a(Résumé en français.) |
| 590 | |a12-23-Supp|b2012-05-28 |
| 720 | 1 |aMiller, R. J. |
| 720 | 1 |aDuggan, R. E. |
| 776 | 0#|tTrap design for a directed rock crab fishery / |w(CaOODSP)9.613844 |
| 830 | #0|aCanadian technical report of fisheries and aquatic sciences,|x1488-5379|v2154|w(CaOODSP)9.504449 |
| 856 | 40|ahttp://publications.gc.ca|qPDF|s1.53 MB|uhttps://publications.gc.ca/collections/collection_2012/mpo-dfo/Fs97-6-2154-eng.pdf|y2154 |